| 000 | 00375nam a22001577a 4500 | ||
|---|---|---|---|
| 003 | SGT | ||
| 020 | _a978-9351529637 | ||
| 082 |
_a611 _bT16S |
||
| 100 | _a Seshayyan, Sudha | ||
| 245 | _aInderbir Singh's Textbook of Anatomy | ||
| 250 | _a6TH | ||
| 260 |
_aNEW DELHI _bJaypee Brothers Medical Pub _c2016 |
||
| 300 | _a464 | ||
| 650 | _aGeneral Anatomy | ||
| 942 |
_2ddc _cBK _01 |
||
| 999 |
_c15596 _d15596 |
||